000 00381 a2200169 4500
001 189782
020 _a978-85-7406-550-2
040 _cMagnum
100 _aDoyle, Anthony
240 1 0 _aO lago secou
_lpor
245 1 0 _aO lago secou
300 _a47
362 0 _a2012
440 1 _aCompanhia das Letrinhas
697 _aLITERATURA INFANTO-JUVENIL ESTRANGEIRA
942 _cBK
999 _c189782
_d189782